Central Library and Information Centre
Sibsagar Girls' College, Sivasagar : Assam

ASOMOR NAD- NADI (Record no. 27077)

MARC details
000 -LEADER
fixed length control field 00697cam a2200193ua 4500
001 - CONTROL NUMBER
control field 23829
008 - FIXED-LENGTH DATA ELEMENTS--GENERAL INFORMATION
fixed length control field 190615n II |||gr||||Z||||||asm
082 ## - DEWEY DECIMAL CLASSIFICATION NUMBER
Classification number 891.458
100 ## - MAIN ENTRY--PERSONAL NAME
Personal name SARMAH, DR. JUGENDRA NATH ,
Relator term AUTHOR.
245 ## - TITLE STATEMENT
Title ASOMOR NAD- NADI
Medium Textual Documents
260 ## - PUBLICATION, DISTRIBUTION, ETC.
Place of publication, distribution, etc. JORHAT:
Name of publisher, distributor, etc. ASOM SAHITYA SABHA,
Date of publication, distribution, etc. 2008.
300 ## - PHYSICAL DESCRIPTION
Extent 272:
Dimensions 21+
Accompanying material PB.
653 ## - INDEX TERM--UNCONTROLLED
Uncontrolled term Prabandha

No items available.



Sibsagar Girl's College © 2020. All rights reserved.
Powered by Koha.
Maintained by Abhijit Borpuzari.